Szczegóły MARC21

Lexikon zum Artikelgebrauch /

003 -Nazwa inst., której nr kontr. jest w polu 001 [,]
    • @
    • Nazwa instytucji, której n kontrolny jest w polu 001
    • NUKAT
005 -DATA I CZAS OSTATNIEJ MODYFIKACJI [,]
    • @
    • pole kontrolne
    • 20260402170241.0
020 -Międzynarod. znormalizowany nr książki - ISBN [ , ]
    • a
    • Numer ISBN
    • 3324001498 Find
040 -Instytucja sporządzająca opis [ , ]
    • a
    • Instytucja, która sporządziła opis (NP)
    • KR U/84SzE
    • c
    • Instytucja, która sporządziła rekord (NP)
    • KR U/84SzE
942 -Rodzaj dokumentu [ , ]
    • c
    • Rodzaj dokumentu
    • Książka
100 -Hasło główne - nazwa osobowa [1, ]
    • a
    • Nazwa osobowa (NP)
    • Grimm, Hans-Jürgen
    • d
    • Daty biograficzne (NP)
    • (1942-2005).
    • 9
    • KHW
    • 402143
245 -Strefa tytułu i oznaczenia odpowiedzialności [1,0]
    • a
    • Tytuł
    • Lexikon zum Artikelgebrauch / Find
    • c
    • Pozostałe elementy strefy tytułu i oznaczenia odpowiedzialności (NP)
    • Hans-Jürgen Grimm.
250 -Strefa wydania [ , ]
    • a
    • Oznaczenie wydania (NP)
    • 3., durchges. Aufl.
260 -Strefa adresu wydawniczego [ , ]
    • a
    • Miejsce wydania (P)
    • Leipzig [etc.] :
    • b
    • Nazwa wydawcy (P)
    • Langenscheidt :
    • b
    • Nazwa wydawcy (P)
    • Verlag Enzyklopädie,
    • c
    • Data wydania (P)
    • cop. 1992.
300 -Strefa opisu fizycznego [ , ]
    • a
    • Określenie formy książki i/lub objętość (NP)
    • 236 s. ;
    • c
    • Format (NP)
    • 20 cm.
336 -Typ zawartości [ , ]
    • a
    • Termin opisujący typ zawartości
    • Tekst
    • b
    • Kod określający zawartość
    • txt
    • 2
    • Źródło (terminu i kodu)
    • rdacontent
337 -Typ mediów [ , ]
    • a
    • Tryb odtwarzania
    • Bez urządzenia pośredniczącego
    • b
    • Kod typu mediów
    • n
    • 2
    • Źródło (terminu i kodu)
    • rdamedia
338 -Typ/rodzaj nośnika [ , ]
    • a
    • Hasło opisujące typ nośnika
    • Wolumin
    • b
    • Kod typu nośnika
    • nc
    • 2
    • Źródło (terminu i kodu)
    • rdacarrier
380 -Deskryptor - Forma dzieła (P) [ , ]
    • a
    • forma dzieła (NP)
    • Książki
380 -Deskryptor - Forma dzieła (P) [ , ]
    • a
    • forma dzieła (NP)
    • Publikacje dydaktyczne
388 -Deskryptor - czas powstania dzieła (P) [1, ]
    • a
    • Czas powstania dzieła (NP)
    • 1901-2000
388 -Deskryptor - czas powstania dzieła (P) [1, ]
    • a
    • Czas powstania dzieła (NP)
    • 1989-2000
504 -Uwaga dot. bibliogr. załącznikowej [ , ]
    • a
    • Uwaga dot. bibliografii załącznikowej
    • Bibliogr. s. [225]-226. Indeks.
080 -Uniwersalna Klasyfikacja Dziesiętna [ , ]
    • a
    • Symbol klasyfikacji
    • 803.0-21=30
650 -Hasło przedmiotowe [ ,7]
    • a
    • Hasło przedmiotowe
    • Język niemiecki
    • 2
    • Źródło terminu
    • DBN
    • 9
    • KHW
    • 724301
650 -Hasło przedmiotowe [ ,7]
    • a
    • Hasło przedmiotowe
    • Rodzajnik
    • 2
    • Źródło terminu
    • DBN
650 -Hasło przedmiotowe [ ,7]
    • a
    • Hasło przedmiotowe
    • Język niemiecki
    • x
    • Określnik rzeczowy
    • rodzajniki
    • v
    • Określnik formalny
    • słowniki.
    • 2
    • Źródło terminu
    • kaba
    • 9
    • KHW
    • 402118
655 -Hasło w funkcji tematu formalnego [ ,7]
    • a
    • Hasło
    • Słownik
    • 2
    • Źródło terminu
    • DBN
    • 9
    • KHW
    • 720955
658 -Ujęcie treści [ , ]
    • a
    • dziedzina nauki i sztuki/ sfera aktywności życiowej
    • Językoznawstwo
980 -Symbol UKD [ , ]
    • a
    • UKD
    • 803.0-21=30
920 -ISBN [ , ]
    • a
    • ISBN
    • 3-324-00149-8 Find
Numer inwentarzowy Data inwentaryzacji Sygnatura Status udost. Lokalizacja
G.96621994-01-31GERM. Gramatyka-słowniki 031BM
JO.16521994-01-31 -3BM